Fandomanias 100 greatest fictional characters of all time - Statistics

General Stats
  • This quiz has been taken 865 times
  • The average score is 12 of 100
Answer Stats
Answer % Correct
8 Harry Potter
73%
1 Batman
59%
2 Superman
59%
7 Spider-man
53%
14 Luke Skywalker
49%
37 Iron man
47%
6 Darth Vader
46%
96 V
40%
33 Gandalf
37%
15 Han Solo
34%
5 Sherlock Holmes
34%
56 Mickey Mouse
32%
30 Joker
31%
89 Hermione Granger
30%
19 Frodo Baggins
29%
21 Wolverine
29%
55 Bilbo Baggins
26%
10 Indiana Jones
26%
18 Homer Simpson
25%
12 James Bond
24%
60 Yoda
23%
29 Aragorn
21%
48 Bugs Bunny
19%
11 Dracula
19%
65 Catwoman
18%
13 Captain Kirk
16%
52 Green Lantern
16%
79 Magneto
15%
35 Mario
15%
80 Alice
14%
4 The Doctor
14%
22 Robin Hood
13%
62 Aquaman
12%
16 Hamlet
11%
72 Hercules
11%
32 Atticus Finch
10%
70 Deadpool
10%
73 Samwise Gamgee
9%
25 King Arthur
8%
26 Scarlett O'Hara
8%
34 Severus Snape
8%
27 Elizabeth Bennet
7%
58 Huckleberry Finn
7%
82 The Flash
7%
54 Tom Sawyer
7%
81 Dorothy Gale
6%
91 Kermit
6%
23 Merlin
6%
9 Mr. Spock
6%
59 Optimus Prime
6%
66 Tarzan
6%
84 Boba Fett
5%
3 Buffy Summers
5%
57 Ellen Ripley
5%
17 Frankenstein's monster
5%
64 Holden Caulfield
5%
61 Dr. Strange
4%
68 Eric Cartman
4%
28 Odysseus
4%
78 Calvin
3%
43 Conan
3%
88 Dr. Doom
3%
50 Ebenezer Scrooge
3%
98 Hellboy
3%
40 Jean-Luc Picard
3%
99 Lois Lane
3%
90 Barney Stinson
2%
39 Beowulf
2%
46 Captain Ahab
2%
76 Death
2%
53 Dr. House
2%
51 Galactus
2%
97 Patrick bateman
2%
45 Solid Snake
2%
92 The Dude
2%
94 Aeryn Sun
1%
77 Ash Williams
1%
87 Ayanami Rei
1%
42 Cloud Strife
1%
36 Cthulhu
1%
69 Dexter Morgan
1%
44 Dream
1%
67 Dr. McCoy
1%
38 Fitzwilliam Darcy
1%
47 G'Kar
1%
93 Guybrush Threepwood
1%
83 Jayne Cobb
1%
71 John Carter
1%
24 Kara Thrace
1%
20 Malcolm Reynolds
1%
75 Omar Little
1%
95 Raistlin Majere
1%
74 River Tam
1%
100 Sam Beckett
1%
86 Squall Leonhart
1%
49 Veronica Mars
1%
85 Wesley Wyndam-Pryce
1%
41 John Crichton
0%
31 Laura Roslin
0%
63 Yuna Braska
0%
No matching quizzes found
Score Distribution
Percent of People with Each Score
Percentile by Number Answered
Your Score History
You have not taken this quiz